000 00723nam a2200265Ia 4500
001 Para_3618
003 CHAP
008 220125s1900 xx 000 0 und d
010 _a202150
040 _cCHAP
090 _aPA FOLLETO 1218
100 _aAldrich, J. M
_93719
245 _aThe codling moth /
_c by J. M. Aldrich
260 _aMoscow, Idaho :
_b Agricultural Experiment Station
300 _ap. 99-112
440 _aIdaho. Agri. Exp. Sta., Bull.; 21
_9167199
650 _aPalomilla de la manzana
_9167198
901 _aPA FOLLETO 1218
902 _aA
905 _a0000001900 ru 0000000000 00
910 _a1900
942 _cPARA
942 _cPARA
_d1
999 _c202150
_d202150